|
|
|
|
| LEADER |
01191nam a2200301 a 4500 |
| 001 |
GR-MES13251 |
| 008 |
070928s enk b 001 0 gre d |
| 020 |
|
|
|a 0761951644
|
| 020 |
|
|
|a 0761951652
|q (pbk)
|
| 040 |
|
|
|a GrPaTEI
|b gre
|c GR-PaULI
|
| 040 |
|
|
|a GrPaTEI
|b gre
|c GR-PaULI
|
| 082 |
|
0 |
|a 378.170 281
|
| 100 |
1 |
|
|a Mcllroy, David
|
| 245 |
1 |
0 |
|a Exam success /
|c David Mcllroy.
|
| 260 |
|
|
|a London :
|b Sage,
|c c2005
|
| 300 |
|
|
|a 181σ. :
|b εικ. ;
|c 25εκ.
|
| 490 |
0 |
|
|a (Sage essential study skills)
|
| 504 |
|
|
|a Περιλαμβάνει βιβλιογραφικές παραπομπές και ευρετήριο.
|
| 650 |
|
0 |
|a Study skills
|
| 650 |
|
0 |
|a Universities and colleges
|x Examinations
|x Study guides
|
| 650 |
|
4 |
|a ΕΞΕΤΑΣΕΙΣ
|
| 650 |
|
4 |
|a Μελέτη, μέθοδος της
|
| 650 |
|
4 |
|a ΟΔΗΓΟΣ ΣΠΟΥΔΩΝ
|
| 650 |
|
4 |
|a ΠΑΝΕΠΙΣΤΗΜΙΑ
|
| 942 |
|
|
|2 ddc
|
| 952 |
|
|
|0 0
|1 0
|2 ddc
|4 0
|6 378_170000000000000_281_MCL
|7 0
|9 271762
|a MSLG
|b MSLG
|c BSC
|d 2021-01-17
|e 24
|f 0
|g 0.00
|l 0
|o 378.170 281 MCL
|p 2420000022670
|r 2021-01-17 00:00:00
|t 1
|w 2021-01-17
|y BK15
|x 20070928 0 ΓΑΒΡΙΝΑ 1
|x GrPaTEI
|
| 971 |
|
|
|a .b25792994
|b 01-10-20
|c 13-09-16
|
| 999 |
|
|
|c 157034
|d 157034
|